Tennis - Le top 20 du classement ATP au 1er janvier 2023 - Statistiques

Statistiques générales
  • Ce quiz a été pris 34 fois
  • Le résultat moyen est 16 sur 20
Statistiques - réponses
Rang Joueur Pays Âge Points % Correct
1 Carlos Alcaraz Espagne 19 6 820
100%
5 Novak Djokovic Serbie 35 4 820
100%
2 Rafael Nadal Espagne 36 6 020
100%
4 Stefanos Tsitsipas Grèce 24 5 550
100%
3 Casper Ruud Norvège 24 5 820
97%
7 Daniil Medvedev Russie 26 4 065
93%
11 Holger Rune Danemark 19 2 888
90%
12 Alexander Zverev Allemagne 25 2 700
86%
6 Félix Auger-Aliassime Canada 22 4 195
86%
15 Jannik Sinner Italie 21 2 410
86%
8 Andrey Rublev Russie 25 3 930
83%
19 Frances Tiafoe États-Unis 24 2 000
76%
10 Hubert Hurkacz Pologne 25 2 905
76%
9 Taylor Fritz États-Unis 25 3 355
72%
17 Marin Cilic Croatie 34 2 105
69%
14 Cameron Norrie Royaume-Uni 27 2 445
66%
18 Denis Shapovalov Canada 23 2 075
66%
16 Matteo Berrettini Italie 26 2 375
62%
20 Karen Khachanov Russie 26 1 990
59%
13 Pablo Carreno Busta Espagne 31 2 495
52%
Aucun quiz correspondant
Distribution des résultats
% des personnes avec chaque résultat
Percentile par nombre de réponses
Votre historique - résultats
Vous n’avez pas pris ce quiz